[Event "Asia-ch Amateur (Women)"]
[Site "Muscat"]
[Date "2022.10.03"]
[Round "7"]
[White "Khalil, Hanan"]
[Black "Dakshikaa, SM."]
[Result "1/2-1/2"]
[WhiteElo "1484"]
[BlackElo "1117"]
[PlyCount "87"]
[EventDate "2022.09.29"]
[EventType "swiss"]
[EventRounds "9"]
[EventCountry "OMN"]
[SourceTitle "CBM 210 Extra"]
[Source "ChessBase"]
[SourceDate "2022.11.30"]
[SourceVersion "1"]
[SourceVersionDate "2022.11.30"]
[SourceQuality "1"]

1. e4 e5 2. Nf3 Nc6 3. Bb5 a6 4. Ba4 Nf6 5. d3 b5 6. Bb3 Bc5 7. 0-0 d6 8. c3 0-0 9. Nbd2 Bb7 10. h3 d5 11. Re1 Re8 12. exd5 Nxd5 13. Ne4 Ba7 14. Bg5 Qd7 15. Qd2 Na5 16. Bc2 Bb6 17. b4 Nc6 18. Bb3 a5 19. Bxd5 Qxd5 20. Bf6 h6 21. Nh2 Ne7 22. Ng4 Nf5 23. Bxg7 Kxg7 24. Nxh6 Qe6 25. Qg5+ Qg6 26. Nxf5+ Kf8 27. Qxg6 fxg6 28. Nh4 Kg7 29. a3 Rad8 30. Rad1 Rf8 31. Nf3 Rfe8 32. Neg5 e4 33. dxe4 Rxd1 34. Rxd1 Bxe4 35. Re1 Bc6 36. Rxe8 Bxe8 37. Nd4 Kf6 38. Ngf3 c5 39. Kf1 cxd4 40. cxd4 Bc6 41. Ne5 Be8 42. Nf3 Bc6 43. Ne5 Be8 44. Nf3 1/2-1/2

[Event "Ceske Budejovice op-B"]
[Site "Ceske Budejovice"]
[Date "2022.07.07"]
[Round "7"]
[White "Khalil, Hanan"]
[Black "Durana, Jonas"]
[Result "0-1"]
[WhiteElo "1347"]
[BlackElo "1723"]
[PlyCount "86"]
[EventDate "2022.07.01"]
[EventType "swiss"]
[EventRounds "9"]
[EventCountry "CZE"]
[SourceTitle "EXT 2023"]
[Source "ChessBase"]
[SourceDate "2022.10.05"]
[SourceVersion "1"]
[SourceVersionDate "2022.10.05"]
[SourceQuality "1"]

1. e4 c5 2. Nc3 Nc6 3. g3 g6 4. Bg2 Bg7 5. d3 d6 6. Nge2 e6 7. 0-0 Nge7 8. Be3 Nd4 9. Qd2 0-0 10. Nd1 d5 11. c3 Nxe2+ 12. Qxe2 d4 13. Bd2 Nc6 14. f4 e5 15. f5 Bd7 16. h4 Rc8 17. h5 g5 18. h6 Bf6 19. Qh5 Be7 20. Rf3 f6 21. Nf2 Be8 22. Qh3 Bf7 23. Ng4 Qb6 24. Bxg5 fxg5 25. f6 Bd8 26. Rf5 Bg6 27. Rxg5 Rc7 28. Qh5 Kf7 29. Rxg6 hxg6 30. Qg5 Rh8 31. h7 Rxh7 32. Nh6+ Rxh6 33. Qxh6 Bxf6 34. Qh7+ Kf8 35. Qxg6 Nd8 36. Rf1 Rf7 37. Bh3 Ke7 38. Qf5 Qe6 39. Qh5 Qd6 40. Qg4 dxc3 41. bxc3 Rg7 42. Qf3 Nf7 43. Bf5 Bh4 0-1

[Event "Sharjah Blitz op 27th"]
[Site "Sharjah"]
[Date "2022.04.08"]
[Round "5"]
[White "Ali, Abdulaziz"]
[Black "Khalil, Hanan"]
[Result "1-0"]
[WhiteElo "1883"]
[BlackElo "1382"]
[PlyCount "115"]
[EventDate "2022.04.08"]
[EventType "swiss (blitz)"]
[EventRounds "9"]
[EventCountry "UAE"]
[SourceTitle "CBM 207 Extra"]
[Source "ChessBase"]
[SourceDate "2022.05.31"]
[SourceVersion "1"]
[SourceVersionDate "2022.05.31"]
[SourceQuality "1"]

1. e4 d6 2. d4 Nf6 3. Nc3 Nbd7 4. g3 e5 5. Nge2 Be7 6. Bg2 0-0 7. 0-0 c6 8. h3 b5 9. Be3 b4 10. Nb1 a5 11. c3 Re8 12. Nd2 Bf8 13. g4 Ba6 14. Re1 Qc7 15. Ng3 exd4 16. cxd4 Nb6 17. Rc1 Bb5 18. b3 d5 19. e5 Nfd7 20. Nf5 Qd8 21. Qf3 Nc8 22. Qg3 Ne7 23. Nd6 Ng6 24. Nxe8 Qxe8 25. f4 Ne7 26. f5 g6 27. f6 Nc8 28. Nf3 Ncb6 29. Qh4 Nb8 30. Ng5 h6 31. Nf3 Kh7 32. Qg3 a4 33. h4 axb3 34. axb3 Ra3 35. Rb1 Bd3 36. Rb2 Be4 37. h5 Bxf3 38. hxg6+ fxg6 39. Qxf3 N8d7 40. f7 Qe7 41. Bf2 Kg7 42. e6 Nf6 43. Bh4 g5 44. Bg3 Ra8 45. Be5 Nc8 46. Rf2 Nd6 47. Bxd6 Qxd6 48. Qxf6+ Kh7 49. Qf5+ Kg7 50. Qf6+ Kh7 51. e7 Qxe7 52. Qxe7 Bxe7 53. Rxe7 Rf8 54. Re8 Kg7 55. Rxf8 Kxf8 56. Bf1 Ke7 57. f8Q+ Kd7 58. Rf7+ 1-0

[Event "Asia Nations online Cup (Women)"]
[Site "Chess.com INT"]
[Date "2020.10.17"]
[Round "5.6"]
[White "Khalil, Hanan"]
[Black "Boshra, Alshaeby"]
[Result "0-1"]
[WhiteElo "1377"]
[BlackElo "2033"]
[PlyCount "98"]
[EventDate "2020.10.11"]
[EventType "team-swiss (rapid)"]
[EventRounds "9"]
[EventCountry "IND"]
[SourceTitle "CBM 198 Extra"]
[Source "ChessBase"]
[SourceDate "2020.11.30"]
[SourceVersion "1"]
[SourceVersionDate "2020.11.30"]
[SourceQuality "1"]
[WhiteTeam "United Arab Emirates (W)"]
[BlackTeam "Jordan (W)"]
[WhiteTeamCountry "UAE"]
[BlackTeamCountry "JOR"]

1. e4 c5 2. Nc3 g6 3. g3 Bg7 4. Bg2 Nc6 5. d3 e5 6. Nge2 Nge7 7. 0-0 0-0 8. Be3 d6 9. Qd2 Nd4 10. Nd1 Bh3 11. c3 Bxg2 12. Kxg2 Ne6 13. Bh6 d5 14. Bxg7 Kxg7 15. Qe3 d4 16. Qd2 Qd7 17. f4 f6 18. Nf2 dxc3 19. Nxc3 Rad8 20. fxe5 fxe5 21. Ng4 Nf4+ 22. gxf4 Qxg4+ 23. Kh1 Rxf4 24. Rxf4 Qxf4 25. Qxf4 exf4 26. Rf1 g5 27. Rg1 Kf6 28. Rd1 h5 29. Kg2 g4 30. h3 Kg5 31. hxg4 hxg4 32. Nb5 Ng6 33. Nc7 f3+ 34. Kg3 Nf4 35. Rc1 Rxd3 36. Rxc5+ Kg6 37. Kxf4 f2 38. Rg5+ Kh6 39. Kxg4 Rg3+ 40. Kxg3 f1Q 41. Kg4 Qg1+ 42. Kf5 Qxg5+ 43. Ke6 Qg4+ 44. Kf7 Qf4+ 45. Ke6 Qxc7 46. Kf5 Qf7+ 47. Kg4 Qe6+ 48. Kf3 Qf6+ 49. Ke3 Qxb2 0-1

[Event "UAE President Cup U14 Girls"]
[Site "Ajman"]
[Date "2019.01.06"]
[Round "6"]
[White "Khalil, Hanan"]
[Black "Aysha, Nasser H Alshamsi"]
[Result "1/2-1/2"]
[WhiteElo "1307"]
[BlackElo "1345"]
[PlyCount "68"]
[EventDate "2019.01.02"]
[EventType "swiss"]
[EventRounds "9"]
[EventCountry "UAE"]
[SourceTitle "CBM 188 Extra"]
[Source "ChessBase"]
[SourceDate "2019.02.26"]
[SourceVersion "1"]
[SourceVersionDate "2019.02.26"]
[SourceQuality "1"]

1. e4 e5 2. Nf3 Nc6 3. Nc3 Nf6 4. Bb5 Bb4 5. 0-0 d6 6. d3 Bd7 7. Bg5 h6 8. Bh4 g5 9. Bg3 g4 10. Nd2 h5 11. Bh4 Bxc3 12. bxc3 Qe7 13. f4 Rh6 14. Bxc6 Bxc6 15. f5 0-0-0 16. Bg5 Rh7 17. Qe1 d5 18. Qh4 Rd6 19. Rfe1 Rh8 20. exd5 Bxd5 21. c4 Rc6 22. Bxf6 Rxf6 23. cxd5 Qc5+ 24. Qf2 Qxd5 25. Qxa7 Ra6 26. Qe3 f6 27. Ne4 h4 28. Qc5 Qf7 29. Qf2 Qh5 30. Re3 Rc6 31. Rb1 g3 32. hxg3 h3 33. gxh3 Kd8 34. Qg2 Qxh3 1/2-1/2

[Event "Sharjah Cup (Women) 7th"]
[Site "Sharjah"]
[Date "2016.12.18"]
[Round "1"]
[White "Abdulla, Khayala Mardan Qizi"]
[Black "Khalil, Hanan"]
[Result "1-0"]
[WhiteElo "2186"]
[BlackElo "1308"]
[PlyCount "73"]
[EventDate "2016.12.18"]
[EventType "swiss"]
[EventRounds "9"]
[EventCountry "UAE"]
[SourceTitle "CBM 176 Extra"]
[Source "ChessBase"]
[SourceDate "2017.03.02"]
[SourceVersion "1"]
[SourceVersionDate "2017.03.02"]
[SourceQuality "1"]

1. e4 d6 2. d4 Nf6 3. Nc3 Nbd7 4. f4 e5 5. Nf3 exd4 6. Nxd4 Be7 7. Bd3 c6 8. 0-0 0-0 9. Kh1 b5 10. Nxc6 Qe8 11. Nxb5 Nc5 12. Ncd4 Bg4 13. Qe1 Qc8 14. e5 Nxd3 15. cxd3 dxe5 16. fxe5 Nd5 17. Qg3 a6 18. Nd6 Bxd6 19. exd6 Kh8 20. h3 Bh5 21. Qg5 Nf6 22. Rxf6 Qd8 23. Rf5 Qxd6 24. Rd5 Qg6 25. Qxh5 Qxh5 26. Rxh5 Rad8 27. Be3 Rfe8 28. Bf2 Rb8 29. b3 Rb6 30. Rc1 Rf6 31. Kg1 h6 32. Rf5 Rxf5 33. Nxf5 Re2 34. a4 Rb2 35. Nxh6 gxh6 36. Bd4+ Kh7 37. Bxb2 1-0